| 000 | 00000nam##2200000za#4500 |
| 001 | 9.697059 |
| 003 | CaOODSP |
| 005 | 20210624235319 |
| 007 | cr ||||||||||| |
| 008 | 150407|1997||||xxc|||||o f|0| 0 eng|d |
| 040 | |aCaOODSP|beng |
| 043 | |an-cn--- |
| 086 | 1 |aCS92-F0092/1997E-PDF |
| 245 | 00|a1996 Census metropolitan areas, Census agglomerations and Census tracts reference maps : individual maps |h[electronic resource] |
| 246 | 1 |iSeries title also given on publication as : |aReference guide |
| 260 | |aOttawa - Ontario : |bStatistics Canada |c1997. |
| 500 | |aHistorical census publication digitized by Statistics Canada. |
| 590 | |a12-44-Supp|b2012-12-13 |
| 690 | 07|aCensus|2gcpds |
| 690 | 07|aDemographic data|2gcpds |
| 710 | 2 |aStatistics Canada. |
| 775 | 08|tCartes de référence des régions métropolitaines de recensement, des agglomérations de recensement et des secteurs de recensement (RMR/AR/SR) de 1996 : cartes vendues séparément |w(CaOODSP)9.641127 |
| 856 | 40|ahttp://publications.gc.ca|qPDF|s1072 KB|uhttps://publications.gc.ca/collections/collection_2012/statcan/rh-hc/CS92-F0092-1997-eng.pdf |